| 000 | 00410nam a2200157 a 4500 | ||
|---|---|---|---|
| 005 | 20140310183300.0 | ||
| 008 | 041213s19uu xx 00 eng d | ||
| 050 |
_aT 385 _b.D767 1992 |
||
| 245 | _aDraw it ! chart it ! paint it ! show it !/. | ||
| 300 |
_a|32 p. : _bcol. ill. ; _c23 cm. |
||
| 521 | _aIT | ||
| 546 | _aC5791 | ||
| 650 | _aCorel draw. | ||
| 650 | _aComputer graphics. | ||
| 942 |
_cBK _2lcc _kFOR |
||
| 999 |
_c20966 _d20966 |
||